Noah Baumbach Cast - Sudden Death - Statistics

General Stats
  • This quiz has been taken 17 times
  • The average score is 12 of 27
Answers on the Grid
Answers color-coded by a green-red scale on the quiz's grid according to % correct below.
Adam Sandler
Robert Forster
Amanda Plummer
Eric Stoltz
Vince Vaughn
Willem Dafoe
Dave Franco
Nicolas Cage
Peter Bogdonovich
Jeff Goldblum
Bryce Dallas Howard
Jesse Eisenberg
Sam Neill
Jeff Daniels
Amanda Seyfried
Anna Paquin
Emma Thompson
Omar Sy
John Hurt
Virginia Madsen
Crispin Glover
Don Cheadle
Kyle Maclachlan
Nicole Kidman
David Lynch
Jack Black
Gary Busey
Sigourney Weaver
Dustin Hoffman
Rhys Ifans
Jeremy Irons
William Baldwin
Julianne Moore
Jennifer Jason Leigh
Ben Stiller
Josh Hamilton
Mark Duplass
Harry Dean Stanton
Laura Dern
Judy Greer
Naomi Watts
Brie Larson
Richard Attenborough
John Turturro
Scarlett Johansson
Patrick Stewart
Anthony Hopkins
Jay Duplass
Andre 3000
Greta Gerwig
 
Answer Stats
Answer % Correct
Adam Sandler
100%
Greta Gerwig
75%
Scarlett Johansson
75%
Ben Stiller
67%
Laura Dern
67%
Dustin Hoffman
58%
Jesse Eisenberg
58%
Emma Thompson
50%
Amanda Seyfried
42%
Andre 3000
42%
Anna Paquin
42%
Jennifer Jason Leigh
42%
Naomi Watts
42%
Peter Bogdonovich
42%
Sigourney Weaver
42%
Don Cheadle
33%
Jack Black
33%
Jeff Daniels
33%
Nicole Kidman
33%
Brie Larson
25%
Dave Franco
25%
Eric Stoltz
25%
Josh Hamilton
25%
Rhys Ifans
25%
John Turturro
17%
Mark Duplass
17%
William Baldwin
17%
No matching quizzes found
Score Distribution
Percent of People with Each Score
Percentile by Number Answered
Your Score History
You have not taken this quiz